[Event "Brighton CGL International"]
[Site "Brighton"]
[Date "1983.12.20"]
[Round "9"]
[White "Hodgson, Julian M"]
[Black "Mednis, Edmar John"]
[Result "1/2-1/2"]
[WhiteElo "2385"]
[BlackElo "2455"]
[PlyCount "35"]
[EventDate "1983.12.12"]
[EventType "tourn"]
[EventRounds "9"]
[EventCountry "ENG"]
[EventCategory "8"]
[SourceTitle "BritBase"]
[Source "John Saunders"]
[SourceDate "2020.09.07"]
[SourceVersion "1"]
[SourceVersionDate "2020.09.07"]
[SourceQuality "2"]

1. e4 e6 2. d4 d5 3. e5 c5 4. Nf3 Nc6 5. Bd3 cxd4 6. O-O Nge7 7. Bf4 Ng6 8. Bg3
f5 9. exf6 gxf6 10. Nxd4 Nxd4 11. Bxg6+ hxg6 12. Qxd4 Kf7 13. c4 b6 14. cxd5
Qxd5 15. Qxd5 exd5 16. Rd1 Bb7 17. Nc3 Rd8 18. Nb5 1/2-1/2

[Event "Brighton CGL International"]
[Site "Brighton"]
[Date "1983.12.20"]
[Round "9"]
[White "Murey, Jacob"]
[Black "Burger, Karl"]
[Result "0-1"]
[WhiteElo "2485"]
[BlackElo "2360"]
[PlyCount "134"]
[EventDate "1983.12.12"]
[EventType "tourn"]
[EventRounds "9"]
[EventCountry "ENG"]
[EventCategory "8"]
[SourceTitle "BritBase"]
[Source "John Saunders"]
[SourceDate "2020.09.07"]
[SourceVersion "1"]
[SourceVersionDate "2020.09.07"]
[SourceQuality "2"]

1. d4 Nf6 2. c4 e6 3. Nc3 Bb4 4. e3 c5 5. Bd3 Nc6 6. Nge2 d5 7. cxd5 Nxd5 8. a3
Ba5 9. O-O cxd4 10. exd4 O-O 11. Bb1 Nce7 12. Bg5 f6 13. Bh4 Ng6 14. Qd3 Bd7
15. Bg3 Bc6 16. b4 Bb6 17. b5 Be8 18. Nxd5 exd5 19. Nf4 Bf7 20. h4 Re8 21. h5
Nf8 22. f3 Bc7 23. Ba2 Bxf4 24. Bxf4 Bxh5 25. Rac1 Ne6 26. Bg3 Bf7 27. Rfd1 Qd7
28. f4 Rac8 29. f5 Ng5 30. a4 Ne4 31. Rf1 Rxc1 32. Rxc1 Rc8 33. Rxc8+ Qxc8 34.
Bf4 Qxf5 35. Qc2 g5 36. Bb8 a6 37. bxa6 bxa6 38. Bb1 Qd7 39. Ba2 Kg7 40. a5 Qb7
41. Bc7 Qb4 42. Kh2 Qxd4 43. Bb1 Be8 44. Qe2 Bb5 45. Qg4 Qc3 46. Qc8 Qe1 47.
Bxe4 Qxe4 48. Bd6 Qe8 49. Qc7+ Qf7 50. Qc5 h5 51. Qe3 Kg6 52. Be7 Bd7 53. Bd6
Kh6 54. Qb6 Bb5 55. Be5 Kg6 56. Qd6 Kf5 57. Bd4 h4 58. Qc5 Bc4 59. Qb6 Qe6 60.
Bc3 Bb5 61. Qc7 Kg4 62. Qb6 Qxb6 63. axb6 Bc6 64. Bxf6 a5 65. Bd4 Kf5 66. Kg1
g4 67. Kf2 Ke4 0-1

[Event "Brighton CGL International"]
[Site "Brighton"]
[Date "1983.12.20"]
[Round "9"]
[White "Watson, William N"]
[Black "Short, Nigel D"]
[Result "1-0"]
[WhiteElo "2395"]
[BlackElo "2475"]
[PlyCount "47"]
[EventDate "1983.12.12"]
[EventType "tourn"]
[EventRounds "9"]
[EventCountry "ENG"]
[EventCategory "8"]
[SourceTitle "BritBase"]
[Source "John Saunders"]
[SourceDate "2020.09.07"]
[SourceVersion "1"]
[SourceVersionDate "2020.09.07"]
[SourceQuality "2"]

1. e4 e6 2. d4 d5 3. Nd2 Nf6 4. e5 Nfd7 5. f4 c5 6. c3 Nc6 7. Ndf3 Qb6 8. g3
cxd4 9. cxd4 Bb4+ 10. Kf2 g5 11. Be3 f6 12. Bh3 gxf4 13. gxf4 fxe5 14. fxe5 Rf8
15. Ne2 Be7 16. Qd2 Ndb8 17. Rhf1 Na6 18. Kg2 Bd7 19. Ng5 Rg8 20. Kh1 Na5 21.
b3 Rg7 22. Bxe6 Bxe6 23. Nxe6 Qxe6 24. Qxa5 1-0